| 000 | 00932nmc a2200337 a 4500 | ||
|---|---|---|---|
| 003 | AR-BaBNM | ||
| 005 | 20251128204144.0 | ||
| 008 | 035019s1987 ||||||||||||||000 | spa|| | ||
| 020 | _a950-25-1446-7 | ||
| 040 | _cAR-BaBNM | ||
| 100 | 1 | _aDávolos, Patricia | |
| 245 | 1 | 0 |
_aMovimiento villero y estado _b1966-1976 |
| 260 |
_aBuenos Aires _bCentro Editor de América Latina _c1987 |
||
| 300 | 0 | _a107 p. | |
| 490 | 0 |
_aBiblioteca política Argentina _vv. 178 |
|
| 500 | 0 | _aApéndice documental | |
| 600 | 1 | 4 | _aMartínez de Perón, María Estela |
| 600 | 0 | 4 | _aOngania |
| 600 | 0 | 4 | _aLanusse |
| 600 | 1 | 4 | _aPerón, Juan Domingo |
| 610 | 1 | 4 | _aArgentina |
| 650 | 4 | _aPOLITICAS PUBLICAS | |
| 650 | 4 | _aPOLITICA DE LA VIVIENDA | |
| 651 | 4 | _aArgentina | |
| 653 | 0 | _aVILLAS DE EMERGENCIA | |
| 700 | 1 | _aJabbaz, Marcela | |
| 700 | 1 | _aMolina, Estela | |
| 800 | 1 |
_aTroncoso, Oscar _edirector |
|
| 942 | _cBK | ||
| 998 | _cCarmen | ||
| 999 |
_c6399 _d6399 |
||